Аналитическая геометрия: учебник

Detaylı Bibliyografya
Yazar: Привалов И. И. Иван Иванович
Özet:Переиздание популярного учебника. В книге рассмотрены основные разделы аналитической геометрии: метод координат, прямые линии на плоскости и в пространстве, плоскости в пространстве, конические сечения, линии и поверхности 2-го порядка. Приведены необходимые сведения из векторной алгебры. В каждой главе имеются упражнения для самостоятельной работы. Для студентов технических вузов.
Dil:Rusça
Baskı/Yayın Bilgisi: СПб., Лань, 2008
Edisyon:37-е изд., стер.
Seri Bilgileri:Учебники для вузов. Специальная литература
Konular:
Materyal Türü: Kitap
KOHA link:https://koha.lib.tpu.ru/cgi-bin/koha/opac-detail.pl?biblionumber=155807

MARC

LEADER 00000nam0a2200000 4500
001 155807
005 20231101221849.0
010 |a 9785811405183 
035 |a (RuTPU)RU\TPU\book\168988 
035 |a RU\TPU\book\99717 
035 |a RU\TPU\book\146678 
090 |a 155807 
100 |a 20080409d2008 m y0rusy50 ca 
101 0 |a rus 
102 |a RU 
105 |a a j 000zy 
200 1 |a Аналитическая геометрия  |e учебник  |f И. И. Привалов 
205 |a 37-е изд., стер. 
210 |a СПб.  |c Лань  |d 2008 
215 |a 299 с.  |c ил. 
225 1 |a Учебники для вузов. Специальная литература 
330 |a Переиздание популярного учебника. В книге рассмотрены основные разделы аналитической геометрии: метод координат, прямые линии на плоскости и в пространстве, плоскости в пространстве, конические сечения, линии и поверхности 2-го порядка. Приведены необходимые сведения из векторной алгебры. В каждой главе имеются упражнения для самостоятельной работы. Для студентов технических вузов. 
451 1 |0 (RuTPU)RU\TPU\book\146678  |y 978-5-8114-0518-3  |t Аналитическая геометрия  |o учебник  |f И. И. Привалов  |e 36-е изд., стер.  |c СПб.  |n Лань  |d 2007  |p 299 с.  |s Учебники для вузов. Специальная литература  |a Привалов, Иван Иванович 
606 1 |a Аналитическая геометрия  |2 stltpush  |3 (RuTPU)RU\TPU\subj\28991  |9 52410 
610 1 |a учебники 
610 1 |a плоскости 
610 1 |a линии 
610 1 |a конические сечения 
610 1 |a координаты 
610 1 |a преобразования 
610 1 |a классификация 
610 1 |a определители 
610 1 |a пространства 
610 1 |a метод координат 
610 1 |a векторная алгебра 
610 1 |a геометрические значения 
610 1 |a цилиндрические поверхности 
610 1 |a конические поверхности 
610 1 |a поверхности вращения 
610 1 |a определители 2-го порядка 
610 1 |a определители 3-го порядка 
610 1 |a уравнения второй степени 
610 1 |a уравнения 
610 1 |a поверхности второго порядка 
675 |a 514.12(075.8)  |v 3 
700 1 |a Привалов  |b И. И.  |g Иван Иванович 
801 1 |a RU  |b 63413507  |c 20090319  |g PSBO 
801 2 |a RU  |b 63413507  |c 20201201  |g PSBO 
900 |a Аналитическая геометрия и линейная алгебра 
900 |a Линейная алгебра и аналитическая геометрия 
942 |c BK 
959 |a 37/20090319  |d 47  |e 269,94  |f АНЛ:1  |f ЧЗТЛ:1  |f УФ:20  |f Ф_ТПУ_Новокузнецк:25 
959 |a 95/20090918  |d 20  |e 313,06  |f УФ:20